| 000 | 01054nam a2200289 a 4500 | ||
|---|---|---|---|
| 001 | 50464 | ||
| 003 | BD-RjUL | ||
| 005 | 20211209075519.0 | ||
| 008 | 270816s1961 nyua b 000 0 eng | ||
| 035 | _a(BD-RjUL)50584 | ||
| 040 |
_aDLC/ICU _cICU _dDLC _dBD-RjUL _beng |
||
| 041 | 1 | _aengrus | |
| 082 | 0 | 0 |
_a513.5 _bYAC 1961 |
| 100 | 1 |
_aYaglom, I. M. _q(Isaak Moiseevich), _d1921- _9151186 |
|
| 245 | 1 | 0 |
_aConvex figures _c[by] I.M. Yaglom and V.G. Boltyanskiĭ. Translated by Paul J. Kelly and Lewis F. Walton. |
| 260 |
_aNew York : _bHolt, Rinehart and Winston, _cc1961 |
||
| 300 |
_a301 p. : _bill. ; _c25 cm. |
||
| 490 | 1 |
_aLibrary of the mathematical circle, _vv. 4 |
|
| 500 | _aTranslation of [Vypuklye figury] | ||
| 504 | _aIncludes bibliography: p. 295-296. | ||
| 650 | 0 |
_aConvex surfaces. _9151187 |
|
| 700 | 1 |
_aBolti︠a︡nskiĭ, V. G. _q(Vladimir Grigorʹevich), _d1925- _ejoint author. _9151188 |
|
| 830 | 0 |
_aBiblioteka matematicheskogo kruzhka. _vEnglish _9151189 |
|
| 942 |
_2ddc _cBK |
||
| 999 |
_c50464 _d50464 |
||